[Event "FIN-chT2 Gp2 1819"]
[Site "Finland"]
[Date "2019.01.12"]
[Round "6.4"]
[White "Katajainen, Kimmo"]
[Black "Vuori, Sami"]
[Result "1-0"]
[WhiteElo "1945"]
[BlackElo "1864"]
[PlyCount "101"]
[EventDate "2018.09.15"]
[EventType "team-tourn"]
[EventRounds "6"]
[EventCountry "FIN"]
[SourceTitle "EXT 2020"]
[Source "ChessBase"]
[SourceDate "2019.10.17"]
[SourceVersion "1"]
[SourceVersionDate "2019.10.17"]
[SourceQuality "1"]
[WhiteTeam "Helsinki KS 58 II"]
[BlackTeam "Jarvenpaa SK"]
[WhiteTeamCountry "FIN"]
[BlackTeamCountry "FIN"]

1. Nf3 Nf6 2. d4 d5 3. g3 e6 4. Bg2 Be7 5. 0-0 0-0 6. c4 dxc4 7. Qc2 c5 8. Qxc4 cxd4 9. Nxd4 e5 10. Nf3 Nc6 11. Nc3 Be6 12. Qa4 a6 13. a3 b5 14. Qd1 Rc8 15. Bg5 h6 16. Bxf6 Bxf6 17. Ne4 Be7 18. Rc1 f6 19. Nc5 Bxc5 20. Rxc5 Bc4 21. Nd2 Qb6 22. b4 Rfd8 23. Nxc4 bxc4 24. Qc2 Ne7 25. Qxc4+ Kf8 26. Rc1 a5 27. e3 axb4 28. axb4 Rb8 29. b5 Rbc8 30. Bc6 Rd6 31. Bf3 Rxc5 32. Qxc5 Qxc5 33. Rxc5 Rb6 34. Kf1 Ke8 35. Ke1 Kd7 36. Be2 Kd6 37. Rc2 Nd5 38. Rc8 Nc7 39. Rg8 g5 40. Rg6 Ke6 41. Bc4+ Kf5 42. Rxh6 Nxb5 43. f3 e4 44. g4+ Ke5 45. f4+ gxf4 46. Bxb5 fxe3 47. Rh5+ Kf4 48. h3 Rd6 49. Rf5+ Kg3 50. Bf1 Rb6 51. Ke2 1-0

[Event "Heart of Finland op 28th"]
[Site "Jyvaskyla"]
[Date "2018.07.16"]
[Round "1"]
[White "Katajainen, Kimmo"]
[Black "Narva, Triin"]
[Result "1/2-1/2"]
[WhiteElo "1948"]
[BlackElo "2106"]
[PlyCount "53"]
[EventDate "2018.07.16"]
[EventType "swiss"]
[EventRounds "9"]
[EventCountry "FIN"]
[SourceTitle "EXT 2021"]
[Source "ChessBase"]
[SourceDate "2020.10.23"]
[SourceVersion "1"]
[SourceVersionDate "2020.10.23"]
[SourceQuality "1"]

1. Nf3 g6 2. d4 Bg7 3. g3 Nf6 4. Bg2 0-0 5. 0-0 d6 6. c4 Nbd7 7. Nc3 e5 8. e4 c6 9. h3 Re8 10. Re1 a6 11. dxe5 dxe5 12. a4 a5 13. Be3 Bf8 14. Qc2 Qc7 15. Rad1 Nc5 16. Rd2 h6 17. Red1 Nfd7 18. Bf1 Nb6 19. Ne1 Be6 20. b3 g5 21. Nd3 Nbd7 22. Nc1 Nf6 23. f3 Rad8 24. g4 Na6 25. Rxd8 Rxd8 26. Rxd8 Qxd8 27. Qd2 1/2-1/2

[Event "FIN-chT2 Gp1 1718"]
[Site "Finland"]
[Date "2017.12.02"]
[Round "4.3"]
[White "Katajainen, Kimmo"]
[Black "Kokkala, Janne"]
[Result "1/2-1/2"]
[WhiteElo "1960"]
[BlackElo "1960"]
[PlyCount "39"]
[EventDate "2017.09.16"]
[EventType "team-tourn"]
[EventRounds "7"]
[EventCountry "FIN"]
[SourceTitle "EXT 2020"]
[Source "ChessBase"]
[SourceDate "2019.10.17"]
[SourceVersion "1"]
[SourceVersionDate "2019.10.17"]
[SourceQuality "1"]
[WhiteTeam "Helsinki KS 58 II"]
[BlackTeam "Helsinki Passi"]
[WhiteTeamCountry "FIN"]
[BlackTeamCountry "FIN"]

1. Nf3 Nf6 2. d4 d5 3. g3 c6 4. Bg2 e6 5. 0-0 Be7 6. b3 0-0 7. Bb2 b6 8. Nbd2 Nbd7 9. c4 Bb7 10. Qc2 Rc8 11. e4 dxe4 12. Nxe4 Nxe4 13. Qxe4 Nf6 14. Qe2 c5 15. Rad1 Qc7 16. dxc5 Qxc5 17. Ne5 Bxg2 18. Kxg2 Rfd8 19. Kg1 Ne8 20. Rfe1 1/2-1/2

[Event "Prague op 16th"]
[Site "Prague"]
[Date "2017.01.17"]
[Round "6"]
[White "Kozak, Antoni"]
[Black "Katajainen, Kimmo"]
[Result "1/2-1/2"]
[WhiteElo "2141"]
[BlackElo "1967"]
[PlyCount "50"]
[EventDate "2017.01.13"]
[EventType "swiss"]
[EventRounds "9"]
[EventCountry "CZE"]
[SourceTitle "CBM 176 Extra"]
[Source "ChessBase"]
[SourceDate "2017.03.02"]
[SourceVersion "1"]
[SourceVersionDate "2017.03.02"]
[SourceQuality "1"]

1. e4 d6 2. d4 e6 3. c4 Nf6 4. Nc3 Be7 5. Nf3 Nfd7 6. g3 c5 7. Bg2 0-0 8. 0-0 Nc6 9. Be3 cxd4 10. Nxd4 Nde5 11. Qe2 Nxd4 12. Bxd4 Nc6 13. Be3 Bd7 14. Rad1 Rc8 15. b3 Qc7 16. Nb5 Qb8 17. c5 a6 18. Nxd6 Rcd8 19. f4 e5 20. fxe5 Nxe5 21. Bf4 Ng6 22. Nf5 Bxc5+ 23. Kh1 Nxf4 24. gxf4 Bb5 25. Qg4 g6 1/2-1/2

[Event "Prague op 16th"]
[Site "Prague"]
[Date "2017.01.15"]
[Round "4"]
[White "Katajainen, Kimmo"]
[Black "Nguyen, Thai Dai Vinh"]
[Result "1/2-1/2"]
[WhiteElo "1967"]
[BlackElo "1821"]
[PlyCount "55"]
[EventDate "2017.01.13"]
[EventType "swiss"]
[EventRounds "9"]
[EventCountry "CZE"]
[SourceTitle "CBM 176 Extra"]
[Source "ChessBase"]
[SourceDate "2017.03.02"]
[SourceVersion "1"]
[SourceVersionDate "2017.03.02"]
[SourceQuality "1"]

1. Nf3 Nf6 2. d4 e6 3. g3 b6 4. Bg2 Bb7 5. 0-0 c5 6. c4 cxd4 7. Qxd4 Bc5 8. Qd1 0-0 9. Nc3 d5 10. cxd5 Nxd5 11. Ne4 Be7 12. Qc2 Nd7 13. Nfg5 Rc8 14. Qb1 h6 15. Nh3 Ba6 16. Nf4 Nb4 17. a3 Nc2 18. Ra2 Nd4 19. b4 e5 20. Be3 Bc4 21. Rb2 Nf5 22. Nd3 Nxe3 23. fxe3 f5 24. Nd2 Be6 25. Rd1 Bg5 26. Nf1 Bf6 27. e4 Qe7 28. Rc2 1/2-1/2

[Event "Heart of Finland op 26th"]
[Site "Jyvaskyla"]
[Date "2016.07.24"]
[Round "9"]
[White "Alho, Sauli"]
[Black "Katajainen, Kimmo"]
[Result "0-1"]
[WhiteElo "2129"]
[BlackElo "1963"]
[PlyCount "90"]
[EventDate "2016.07.18"]
[EventType "swiss"]
[EventRounds "9"]
[EventCountry "FIN"]
[SourceTitle "EXT 2022"]
[Source "ChessBase"]
[SourceDate "2021.10.06"]
[SourceVersion "1"]
[SourceVersionDate "2021.10.06"]
[SourceQuality "1"]

1. e4 d5 2. exd5 Qxd5 3. Nc3 Qa5 4. d4 g6 5. Bd2 Bh6 6. Bc4 c6 7. f4 Qc7 8. Qf3 Nf6 9. h3 Nbd7 10. g4 Bg7 11. 0-0-0 Nb6 12. Bd3 Nfd5 13. Nge2 Nxc3 14. Bxc3 Be6 15. f5 Bd5 16. Be4 0-0-0 17. Ba5 Bxe4 18. Qxe4 Rd5 19. Bb4 gxf5 20. gxf5 Bf6 21. Kb1 Rhd8 22. c3 Qd7 23. Rhf1 a5 24. Bc5 Nc4 25. b3 Rxc5 26. bxc4 Rxc4 27. Kb2 c5 28. Qd3 Qa4 29. d5 Rd6 30. Ka1 Rb4 31. Rb1 Rdb6 32. Rxb4 axb4 33. Qc4 Qa5 34. Rb1 bxc3 35. Rxb6 Qxb6 36. Qb3 Qb4 37. Qxb4 cxb4 38. Kb1 Kd7 39. Nf4 Kd6 40. Nd3 Kxd5 41. Nxb4+ Ke4 42. a4 Kxf5 43. Nd3 Be5 44. Kc2 Ke4 45. Ne1 f5 0-1

[Event "Heart of Finland op 26th"]
[Site "Jyvaskyla"]
[Date "2016.07.22"]
[Round "7"]
[White "Seppala, Aki"]
[Black "Katajainen, Kimmo"]
[Result "1-0"]
[WhiteElo "2053"]
[BlackElo "1963"]
[PlyCount "95"]
[EventDate "2016.07.18"]
[EventType "swiss"]
[EventRounds "9"]
[EventCountry "FIN"]
[SourceTitle "EXT 2022"]
[Source "ChessBase"]
[SourceDate "2021.10.06"]
[SourceVersion "1"]
[SourceVersionDate "2021.10.06"]
[SourceQuality "1"]

1. e4 c5 2. c3 g6 3. d4 cxd4 4. cxd4 Bg7 5. Nc3 d6 6. Nf3 Nf6 7. h3 0-0 8. Bd3 Nc6 9. 0-0 a6 10. d5 Nb8 11. a4 b6 12. Be3 Nbd7 13. Nd4 Bb7 14. f4 Nc5 15. Bc2 a5 16. Qd2 Rc8 17. Rfb1 e6 18. Ndb5 exd5 19. exd5 Re8 20. Qf2 Bf8 21. Rd1 Ba8 22. f5 Re5 23. Bd4 Nfe4 24. Nxe4 Nxe4 25. Bxe4 Rxe4 26. Bxb6 Qg5 27. fxg6 hxg6 28. Nc3 Rxc3 29. bxc3 Bxd5 30. Rd3 Re5 31. Rg3 Qh5 32. Bd4 Rf5 33. Qe3 Be6 34. Rb1 Rd5 35. Qf3 Qh4 36. Qf2 Qh5 37. Qf3 Qh4 38. Qf2 Qh5 39. Re1 Rf5 40. Qe2 Qh4 41. Rxg6+ fxg6 42. Qxe6+ Kh7 43. Qd7+ Kg8 44. Re8 Rf7 45. Qxd6 Qe1+ 46. Rxe1 Bxd6 47. Re8+ Bf8 48. Bc5 1-0

[Event "Heart of Finland op 26th"]
[Site "Jyvaskyla"]
[Date "2016.07.19"]
[Round "3.16"]
[White "Katajainen, Kimmo"]
[Black "Lehtila, Taneli"]
[Result "1/2-1/2"]
[WhiteElo "1963"]
[BlackElo "2131"]
[PlyCount "54"]
[EventDate "2016.07.18"]
[EventType "swiss"]
[EventRounds "9"]
[EventCountry "FIN"]
[SourceTitle "EXT 2022"]
[Source "ChessBase"]
[SourceDate "2021.10.06"]
[SourceVersion "1"]
[SourceVersionDate "2021.10.06"]
[SourceQuality "1"]

1. Nf3 d5 2. d4 Nf6 3. g3 Bf5 4. Bg2 e6 5. 0-0 h6 6. c4 c6 7. cxd5 exd5 8. Nc3 Bd6 9. b3 0-0 10. Bb2 Nbd7 11. Na4 Re8 12. Rc1 Qe7 13. e3 Ne4 14. Nd2 Ndf6 15. Nc3 Nxc3 16. Bxc3 Ba3 17. Ra1 a5 18. Re1 Bg6 19. f3 Bb4 20. Qc1 Bxc3 21. Qxc3 Qb4 22. Qb2 Re7 23. a3 Qb6 24. Qc3 Rae8 25. Rac1 Nd7 26. Bh3 Nf6 27. Bg2 Nd7 1/2-1/2

[Event "Heart of Finland op 26th"]
[Site "Jyvaskyla"]
[Date "2016.07.18"]
[Round "1"]
[White "Zubritskiy, Artyom"]
[Black "Katajainen, Kimmo"]
[Result "1-0"]
[WhiteElo "2420"]
[BlackElo "1963"]
[PlyCount "39"]
[EventDate "2016.07.18"]
[EventType "swiss"]
[EventRounds "9"]
[EventCountry "FIN"]
[SourceTitle "CBM 173 Extra"]
[Source "ChessBase"]
[SourceDate "2016.08.29"]
[SourceVersion "1"]
[SourceVersionDate "2016.08.29"]
[SourceQuality "1"]

1. d4 Nf6 2. c4 d6 3. Nf3 e6 4. Nc3 Be7 5. e4 0-0 6. Bd3 Re8 7. 0-0 h6 8. Qe2 Nbd7 9. e5 Nh7 10. Bf4 Ndf8 11. Rad1 f5 12. exf6 Nxf6 13. Rfe1 c6 14. Bb1 Qa5 15. c5 dxc5 16. Ne5 cxd4 17. Rxd4 Nd5 18. Bxh6 Nxc3 19. Qh5 Ne2+ 20. Rxe2 1-0

[Event "Heart of Finland op 25th"]
[Site "Jyvaskyla"]
[Date "2015.07.15"]
[Round "4"]
[White "Agopov, Mikael"]
[Black "Katajainen, Kimmo"]
[Result "1-0"]
[WhiteElo "2458"]
[BlackElo "1949"]
[PlyCount "72"]
[EventDate "2015.07.13"]
[EventType "swiss"]
[EventRounds "9"]
[EventCountry "FIN"]
[SourceTitle "CBM 167 Extra"]
[Source "ChessBase"]
[SourceDate "2015.09.14"]
[SourceVersion "1"]
[SourceVersionDate "2015.09.14"]
[SourceQuality "1"]

1. e4 b6 2. d4 Bb7 3. Bd3 g6 4. c4 Bg7 5. Nf3 d6 6. 0-0 Nd7 7. Nc3 c5 8. d5 Ngf6 9. h3 0-0 10. Bf4 Nh5 11. Bh2 Ne5 12. Nxe5 dxe5 13. Re1 a6 14. a3 Qd6 15. Rb1 Nf6 16. f4 Nd7 17. f5 Kh8 18. Bf1 Rg8 19. Kh1 Rad8 20. b4 Bc8 21. g4 Bh6 22. Qe2 Qf6 23. Bg2 Qh4 24. bxc5 Nxc5 25. Bxe5+ f6 26. Bh2 Rg7 27. Qf3 Bd2 28. Re2 Bxc3 29. Qxc3 gxf5 30. exf5 Bxf5 31. gxf5 Rdg8 32. Rg1 Rg3 33. Bxg3 Rxg3 34. Re3 Ne4 35. Rxe4 Rxh3+ 36. Qxh3 Qxh3+ 1-0

[Event "Heart of Finland op 21st"]
[Site "Jyvaskyla"]
[Date "2011.07.15"]
[Round "7"]
[White "Johansson, Jukka"]
[Black "Katajainen, Kimmo"]
[Result "1-0"]
[WhiteElo "2132"]
[BlackElo "1945"]
[PlyCount "115"]
[EventDate "2011.07.11"]
[EventType "swiss"]
[EventRounds "9"]
[EventCountry "FIN"]
[SourceTitle "EXT 2022"]
[Source "ChessBase"]
[SourceDate "2021.10.06"]
[SourceVersion "1"]
[SourceVersionDate "2021.10.06"]
[SourceQuality "1"]

1. d4 Nf6 2. c4 e6 3. Nc3 Bb4 4. e3 0-0 5. Nge2 d6 6. a3 Bxc3+ 7. Nxc3 Nbd7 8. e4 e5 9. Be2 Re8 10. d5 b6 11. b4 a5 12. Be3 h6 13. 0-0 Nf8 14. h3 Ng6 15. Qd2 Qe7 16. Rfe1 Bd7 17. c5 axb4 18. axb4 Rxa1 19. Rxa1 bxc5 20. bxc5 dxc5 21. Ra7 Qd8 22. Bxc5 Nf4 23. Bf1 N6h5 24. Kh2 g5 25. g3 Kh7 26. gxf4 gxf4 27. f3 Rg8 28. Bf2 Qg5 29. Ne2 Ng3 30. Qe1 Bb5 31. Ra2 Bxe2 32. Rxe2 Nxe2 33. Qxe2 f5 34. Qc2 fxe4 35. Qxe4+ Kg7 36. Bd3 Kf6 37. Bf1 Kg7 38. h4 Qf6 39. Bd3 Kf8 40. Bf1 Rg7 41. Bd3 Re7 42. Qf5 Qxf5 43. Bxf5 h5 44. Kg2 Kg7 45. Kf1 Kf6 46. Be4 Rg7 47. Be1 Ke7 48. Ba5 Kf6 49. Ke2 Rd7 50. Bd2 Rd8 51. Kd1 Rd7 52. Kc2 Rd6 53. Ba5 Rd7 54. Kc3 Rg7 55. Kb4 Rg2 56. Bxc7 Re2 57. Kb5 Rxe4 58. fxe4 1-0

[Event "Heart of Finland op 21st"]
[Site "Jyvaskyla"]
[Date "2011.07.12"]
[Round "2"]
[White "Katajainen, Kimmo"]
[Black "Fraser, Scott"]
[Result "1/2-1/2"]
[WhiteElo "1945"]
[BlackElo "2109"]
[PlyCount "25"]
[EventDate "2011.07.11"]
[EventType "swiss"]
[EventRounds "9"]
[EventCountry "FIN"]
[SourceTitle "EXT 2022"]
[Source "ChessBase"]
[SourceDate "2021.10.06"]
[SourceVersion "1"]
[SourceVersionDate "2021.10.06"]
[SourceQuality "1"]

1. Nf3 g6 2. d4 Bg7 3. g3 f5 4. Bg2 Nf6 5. 0-0 0-0 6. c4 d6 7. Nc3 c6 8. b3 Qa5 9. Bb2 e5 10. dxe5 dxe5 11. e4 f4 12. Qd2 Na6 13. Nd5 1/2-1/2

[Event "Heart of Finland op 20th"]
[Site "Jyvaskyla"]
[Date "2010.07.05"]
[Round "1"]
[White "Katajainen, Kimmo"]
[Black "Norri, Joose"]
[Result "0-1"]
[WhiteElo "1961"]
[BlackElo "2339"]
[PlyCount "49"]
[EventDate "2010.07.05"]
[EventType "swiss"]
[EventRounds "9"]
[EventCountry "FIN"]
[SourceTitle "CBM 137 Extra"]
[Source "ChessBase"]
[SourceDate "2010.09.01"]
[SourceVersion "1"]
[SourceVersionDate "2010.09.01"]
[SourceQuality "1"]

1. Nf3 d5 2. d4 c6 3. g3 Bf5 4. Bg2 e6 5. 0-0 Bd6 6. c4 Nf6 7. b3 0-0 8. Bb2 h6 9. Nbd2 a5 10. a3 Na6 11. Ne1 b5 12. c5 Bc7 13. f3 e5 14. dxe5 Nd7 15. f4 Naxc5 16. Rc1 Bb6 17. Kh1 Rc8 18. Nef3 Ne6 19. Nh4 Bh7 20. e4 Ndc5 21. exd5 cxd5 22. f5 Nd3 23. Rxc8 Qxc8 24. fxe6 fxe6 25. Ba1 0-1

[Event "Hameenlinna We HamSK"]
[Site "Hameenlinna"]
[Date "2009.??.??"]
[Round "5"]
[White "Katajainen, Kimmo"]
[Black "Ronka, Erik"]
[Result "1/2-1/2"]
[WhiteElo "2001"]
[BlackElo "2040"]
[PlyCount "35"]
[EventDate "2009.??.??"]
[EventType "swiss"]
[EventRounds "5"]
[EventCountry "FIN"]
[SourceTitle "EXT 2022"]
[Source "ChessBase"]
[SourceDate "2021.10.06"]
[SourceVersion "1"]
[SourceVersionDate "2021.10.06"]
[SourceQuality "1"]

1. Nf3 e6 2. d4 Nf6 3. g3 b5 4. Bg2 Bb7 5. 0-0 c5 6. c3 Na6 7. Nbd2 cxd4 8. cxd4 Rb8 9. Re1 Ne4 10. Nxe4 Bxe4 11. Bf4 Rc8 12. a3 Be7 13. Ne5 Bxg2 14. Kxg2 0-0 15. Qb3 Qb6 16. Kg1 Nb8 17. Be3 d5 18. Rec1 1/2-1/2

[Event "Heart of Finland op 18th"]
[Site "Jyvaskyla"]
[Date "2008.07.15"]
[Round "6"]
[White "Katajainen, Kimmo"]
[Black "Sassi, Pekka"]
[Result "1/2-1/2"]
[WhiteElo "2013"]
[BlackElo "2140"]
[PlyCount "79"]
[EventDate "2008.07.12"]
[EventType "swiss"]
[EventRounds "9"]
[EventCountry "FIN"]
[SourceTitle "CBM 125 Extra"]
[Source "ChessBase"]
[SourceDate "2008.09.01"]
[SourceVersion "1"]
[SourceVersionDate "2008.09.01"]
[SourceQuality "1"]

1. Nf3 d5 2. d4 Nf6 3. g3 Bf5 4. Bg2 e6 5. 0-0 Bd6 6. c4 c6 7. b3 Nbd7 8. Bb2 Qc7 9. Nc3 Rd8 10. Rc1 Qb8 11. cxd5 exd5 12. Nd2 0-0 13. e4 dxe4 14. Ndxe4 Nxe4 15. Nxe4 Bxe4 16. Bxe4 Nf6 17. Bb1 Qc8 18. d5 Be7 19. Bxf6 Bxf6 20. Qc2 Qh3 21. dxc6 Rc8 22. Qf5 Qxf5 23. Bxf5 Rxc6 24. Rxc6 bxc6 25. Rc1 g6 26. Rxc6 Bd4 27. Bd3 Rd8 28. Bc4 Bb6 29. Rf6 Rd7 30. a4 Kg7 31. Rf3 f5 32. Rd3 Rxd3 33. Bxd3 Kf6 34. Kf1 Ke5 35. Ke2 h6 36. f3 g5 37. h3 f4 38. g4 Ba5 39. Bc4 Kd4 40. Be6 1/2-1/2

[Event "FIN-chT1A 0708"]
[Site "Finland"]
[Date "2007.09.??"]
[Round "3.7"]
[White "Mottonen, Ari"]
[Black "Katajainen, Kimmo"]
[Result "1/2-1/2"]
[WhiteElo "2047"]
[BlackElo "2024"]
[PlyCount "54"]
[EventDate "2007.09.15"]
[EventType "team-tourn"]
[EventRounds "7"]
[EventCountry "FIN"]
[SourceTitle "EXT 2022"]
[Source "ChessBase"]
[SourceDate "2021.10.06"]
[SourceVersion "1"]
[SourceVersionDate "2021.10.06"]
[SourceQuality "1"]
[WhiteTeam "Espoo MatSK II"]
[BlackTeam "Helsinki KS 58"]
[WhiteTeamCountry "FIN"]
[BlackTeamCountry "FIN"]

1. d4 Nf6 2. c4 g6 3. Nc3 Bg7 4. Nf3 d6 5. g3 0-0 6. Bg2 Nbd7 7. 0-0 c6 8. Qc2 Rb8 9. b4 b6 10. Rd1 b5 11. c5 d5 12. e4 dxe4 13. Nxe4 Nd5 14. a3 a5 15. Qb3 a4 16. Qc2 N7f6 17. Nxf6+ Bxf6 18. Bh6 Bf5 19. Qd2 Re8 20. Ne5 Qc7 21. Bf4 Rbd8 22. Bxd5 Rxd5 23. Nxf7 e5 24. Nh6+ Kh8 25. Bg5 Bg7 26. Qe2 Bxh6 27. Bxh6 Qd7 1/2-1/2

[Event "Heart of Finland op 16th"]
[Site "Jyvaskyla"]
[Date "2006.07.16"]
[Round "9"]
[White "Katajainen, Kimmo"]
[Black "Sisatto, Olli"]
[Result "0-1"]
[WhiteElo "2037"]
[BlackElo "2267"]
[PlyCount "92"]
[EventDate "2006.07.07"]
[EventType "swiss"]
[EventRounds "9"]
[EventCountry "FIN"]
[SourceTitle "EXT 2022"]
[Source "ChessBase"]
[SourceDate "2021.10.06"]
[SourceVersion "1"]
[SourceVersionDate "2021.10.06"]
[SourceQuality "1"]

1. Nf3 d5 2. d4 c5 3. g3 cxd4 4. Nxd4 e5 5. Nf3 Nc6 6. Bg2 h6 7. 0-0 Nf6 8. b3 Bd6 9. Ba3 0-0 10. Bxd6 Qxd6 11. c3 Bf5 12. Nbd2 Rad8 13. Qc1 Rfe8 14. Qb2 Bh7 15. e3 Qc5 16. Rac1 Qb6 17. Rfd1 Nd7 18. Ne1 Nc5 19. Bf1 a5 20. Qa3 Ne6 21. c4 d4 22. c5 Qb4 23. Qxb4 Nxb4 24. a3 Na2 25. e4 Nxc1 26. Rxc1 f6 27. Bc4 Kf8 28. Bd5 Rb8 29. b4 axb4 30. axb4 Nc7 31. Nc4 Red8 32. Nd6 Nxd5 33. exd5 Bg8 34. f4 Bxd5 35. fxe5 fxe5 36. Nd3 e4 37. Ne5 Ke7 38. Ng6+ Kf6 39. Nf4 Ke5 40. Ng6+ Kf6 41. Nf4 Bc6 42. b5 Rxd6 43. cxd6 Bxb5 44. Rc7 Bc6 45. d7 Rd8 46. Nh5+ Kf7 0-1